000 00776nam a22002417a 4500
003 OSt
005 20251210055725.0
008 251210b |||||||| |||| 00| 0 eng d
020 _a9715810136
040 _aDWCL - Main
_cOC
082 _aFil. 613.2 V323h 2003
100 _aBlecenda, Varona M.
_eAuthor
245 _aHealing wonders of diet :
_beffective guide to diet therapy /
_cVarona M. Blecenda [and two others]
260 _aManila, Philippines:
_bPhilippine Publishing House,
_cc2003.
300 _a263 p.:
_bill.;
_c23 cm.
504 _aIncludes index.
650 _a1. Diet Therapy.
650 _a2. Dietetic Foods.
651 _a3. Health.
700 _aI. Godoy, Maria Elena T.
_eAuthor
700 _aII. Varona, David A.
_eAuthor
942 _2ddc
_cBK-FIL
_n0
999 _c7021
_d7021